000 00307nam a22001337a 4500
008 251025b |||||||| |||| 00| 0 eng d
040 _a04
100 _aBARE ACT
245 _aUTTAR PRADESH LOCAL LAWS
260 _aVNIVERSAL LAW PUB
300 _a583
650 _aUTTAR PRADESH LOCAL LAWS
942 _c02
999 _c66674
_d66674